| 000 | 00409nam a22001337a 4500 | ||
|---|---|---|---|
| 082 |
_a338.2 _bMIN _cD |
||
| 245 |
_aThe efficient use of fuel _cMinistary of Fuel and Power |
||
| 260 |
_aLondon _bMajestys stationery office _c1944 |
||
| 300 |
_aviii, 822 p. : _bill, ; _c24 cm. |
||
| 526 |
_a0 _b0 _c0 _d338_200000000000000_MIN |
||
| 526 |
_a0 _b0 _c0 _d338_200000000000000_MIN |
||
| 650 |
_aMCE _9379 |
||
| 942 |
_2ddc _cBK |
||
| 999 |
_c542084 _d542084 |
||